000 00746nam a2200241 i 4500
003 DO-SdBNP
005 20231002105448.0
007 ta
008 110413s2004 dr 000 j spa d
040 _aDO-SdBNP
_bspa
_cBNPHU
_erda
082 _bL937m
_222
100 1 _aLuciano G., Máximo
_911765
245 1 0 _aMonografía de nuestra historia económica /
_cMáximo Luciano G.
264 1 _aSanto Domingo :
_bCentenario,
_c2004.
300 _a168 páginas
_c21 cm.
336 _2rdacontent
_atexto
_btxt
337 _2rdamedia
_asin mediación
_bn
338 _2rdacarrier
_avolumen
_bnc
500 _aIncluye datos biográficos del autor en la contraportada.
590 _aInventariado, 2023/ YL
910 _aYLockward
942 _2ddc
_cLBS1
999 _c55028
_d55028